Negosudarstvennyj sektor v sovetskoj ekonomičeskoj sisteme.
Význam a miesto neštátneho sektoru v totalitnom režime. Násilná redukcia neštátneho sektora. Štruktúra neštátnych foriem hospodárenia v podmienkach centralisticko-administratívneho systému. Podmienky fungovania neštátneho sektora v etape deetatizácie a deunifikácie. Veľkosť a štruktúra formujúceho s...
Na minha lista:
| Autor principal: | |
|---|---|
| Formato: | Capítulo de Livro |
| Idioma: | russo |
| Assuntos: | |
| Tags: |
Sem tags, seja o primeiro a adicionar uma tag!
|
MARC
| LEADER | 00000naa a2200000 4500 | ||
|---|---|---|---|
| 001 | r009538 | ||
| 005 | 20221130113317.8 | ||
| 041 | 0 | |a rus | |
| 044 | |a [SU] | ||
| 245 | 1 | 0 | |a Negosudarstvennyj sektor v sovetskoj ekonomičeskoj sisteme. |c T. Kuznecova |
| 520 | |a Význam a miesto neštátneho sektoru v totalitnom režime. Násilná redukcia neštátneho sektora. Štruktúra neštátnych foriem hospodárenia v podmienkach centralisticko-administratívneho systému. Podmienky fungovania neštátneho sektora v etape deetatizácie a deunifikácie. Veľkosť a štruktúra formujúceho sa neštátneho sektoru (družstvá, súkromníci, akciové spoločnosti..). | ||
| 610 | 2 | 0 | |a sektor súkromný |
| 610 | 2 | 0 | |a sektor družstevný |
| 610 | 2 | 0 | |a deetatizácia |
| 610 | 2 | 0 | |a spoločnosti akciové |
| 610 | 2 | 0 | |a sústava ekonomická |
| 610 | 2 | 0 | |a ZSSR |
| 100 | 1 | |a Kuznecova, T. | |